000 00704nam a2200229 a 4500
001 16063
003 CO-ViMGA
008 141112s2004 ck r 000 u spa d
020 _a9582700408
040 _aCO-ViMGA
_bspa
_cCO-ViMGA
082 0 4 _a153.1 S817r
100 1 _aSuarez Mantilla, Carmen Cecilia; Botero Montoya, Mauricio
_922986
245 1 0 _aLos ritmos mentales
260 _aBogotá,
_cArango editores,
_c2000
300 _a109.p.
590 _aForma de adquisición : Donación - Mincultura
650 1 4 _aAPERTURA CREADORA
_922987
650 1 4 _aMENTE - ASPECTOS FILOSOFICOS
_922988
650 1 4 _aPENSAMIENTO
_922989
650 1 4 _aPENSAMIENTO CRITICO - educación
_922990
942 _2ddc
_cBK
999 _c26002
_d26002